000 00646nam a2200217Ia 4500
003 GCL
008 140319s9999 xx 000 0 ara d
040 _aGCL /
_cGCL
082 0 4 _a791.43
_bخ ص
100 1 _aحليم طوسون
245 1 0 _aصلاح ابو سيف المخرج المصرى /
_cحليم طوسون
700 1 _aخميس خياطى
260 _a[S.N] :
_bصندوق التنمية الثقافية ،
_c1995
300 _a139 ص
490 _a
650 0 4 _aمصر
650 0 4 _aالسينما
650 0 4 _aالاخراج السينمائى
650 0 4 _aالسينمائيون المصريون
942 _2ddc
_cBK
999 _c36607
_d36607